Komparatívna štúdia produktivity práce v službách

Posúdenie východiskovej situácie pre konkurencieschopný rozvoj sektora služieb v SR na základe analýzy a komparácie dosiahnutých hodnôt produktivity práce vo vybraných odboroch služieb v SR a vo vybraných krajinách EÚ.

Salvato in:
Dettagli Bibliografici
Autore principale: Kubičková, Viera, 1970-
Natura: Capitolo di libro
Lingua:slovacco
Soggetti:
Tags: Aggiungi Tag
Nessun Tag, puoi essere il primo ad aggiungerne!!

MARC

LEADER 00000nla a2200000 4500
001 0159951
005 20240502072755.6
041 0 |a slo 
044 |a SK 
245 1 0 |a Komparatívna štúdia produktivity práce v službách  |c Viera Kubičková 
520 |a Posúdenie východiskovej situácie pre konkurencieschopný rozvoj sektora služieb v SR na základe analýzy a komparácie dosiahnutých hodnôt produktivity práce vo vybraných odboroch služieb v SR a vo vybraných krajinách EÚ. 
610 2 0 |a služby 
610 2 0 |a podnik služieb 
610 2 0 |a kvalita služieb 
610 2 0 |a marketing služieb 
610 2 0 |a produktivita 
610 2 0 |a konkurencieschopnosť 
610 2 0 |a porovnanie medzinárodné 
100 1 |a Kubičková, Viera, 1970-